| 000 | | | 05484cbc2a2200000#x 450 |
| 001 | | | 32d15c26-73e1-4696-81b7-47bb6fa250de |
| 005 | | | 20230330135252.0 |
| 100 | ## | $a | 20150417l18121818k l0rusy0189 ca |
| 101 | 0# | $a | rus |
| 102 | ## | $a | RU |
| 200 | 1# | $a | Дело об установлении порядка назначения пенсий семьям умерших профессоров и адъюнктов университетов |
| | $j | 20 мая 1812 г. - 27 января 1818 г. |
| 251 | ## | $c | Дело |
| 300 | ## | $a | Рукописный текст. Чернила |
| 300 | ## | $a | Оригинальный заголовок дела: Дело по докладу, внесенному в Комитет министров, о том, следует ли вдовам и малолетним детям заслуженных профессоров и адъюнктов, получавших пансион, продолжать производить его и пользоваться одинаковым правом, какое представлено семействам ученых, умерших в продолжении действительной службы. 20 мая 1812 г. - 27 января 1818 г. |
| 801 | #0 | $a | RU |
| | $b | РГИА |
| | $c | 20150417 |
| 801 | #1 | $a | RU |
| | $b | ГлавНИВЦ |
| | $c | 20150417 |
| | $2 | rusmarc |
| 801 | #2 | $a | RU |
| | $b | ПБ им. Б.Н. Ельцина |
| | $c | 20151229 |
| | $g | RCR |
| | $2 | rusmarc |
| 850 | ## | $a | Федеральное казенное учреждение "Российский государственный исторический архив" |
| 852 | ## | $a | РГИА |
| | $j | 320 |
| 937 | ## | $h | РГИА |
| | $d | 11507392 |
| | $a | ASBIBLIO_SCAN |
| 462 | #0 | $1 | 001e0393447-ee99-4451-9c40-7ea347d74104 |
| | $1 | 2001 |
| | $a | Общие дела Департамента народного просвещения за 1802-1817 гг. |
| | $v | Д. 320 |
| | $1 | 251 |
| | $c | Опись |
| | $1 | 852 |
| | $j | 86 |
| 461 | #0 | $1 | 001a74412a3-3cc5-4d21-8f0a-dfe2fbd9e72d |
| | $1 | 2001 |
| | $a | Департамент народного просвещения Министерства народного просвещения |
| | $1 | 251 |
| | $c | Фонд |
| | $1 | 852 |
| | $j | 733 |
| 215 | ## | $a | 10 листов |
| | $d | 36,5х26 см |
| 371 | ## | $a | Документ не является опубликованным и широко распространяемым |
| 105 | ## | $a | y### |
| 122 | 2# | $a | d18120520## |
| | $a | d18180127## |
| 517 | 1# | $a | Дело по докладу, внесенному в Комитет министров, о том, следует ли вдовам и малолетним детям заслуженных профессоров и адъюнктов, получавших пансион, продолжать производить его и пользоваться одинаковым правом, какое представлено семействам ученых, умерших в продолжении действительной службы |
| | $e | 20 мая 1812 г. - 27 января 1818 г. |
| 035 | ## | $a | 32d15c26-73e1-4696-81b7-47bb6fa250de |
| 605 | ## | $2 | prlib_sh |
| | $3 | LIBNET\UAF\0000106770 |
| | $a | Семья и традиционные семейные ценности в России как основа российской государственности |
| | $l | коллекция |
| 605 | ## | $2 | acquisition_Prlib |
| | $3 | DITM\AF\0000003834 |
| | $a | Народ |
| | $l | коллекция |
| 606 | 1# | $a | Государственные служащие |
| | $j | Архивные дела |
| | $x | Пенсионное обеспечение |
| | $y | Россия |
| | $z | 19 - нач. 20 вв. |
| | $2 | prlib_sh |
| | $3 | LIBNET\UAF\0000106770 |
| 686 | ## | $2 | rubbk |
| | $a | 63.3(2)52-28ю1 |
| | $v | LBC/M |